| 000 | 00369nam a22001571a 4500 | ||
|---|---|---|---|
| 020 | _a9788124012376 | ||
| 082 |
_aM3 _bISS/N |
||
| 100 | _aIssac Eappen | ||
| 245 |
_aNagarathile komalikal/ _cby Issac Eappen |
||
| 260 |
_a _bIssac Eapen, _c2003. |
||
| 300 | _a68 | ||
| 650 | _aNovel Malayalam | ||
| 650 | _aLiterature Malayalam | ||
| 650 | _aLiterature | ||
| 942 | _cBK | ||
| 999 |
_c30197 _d30197 |
||